00551nam a22001817a 45000050016000000100014000160350013000300370013000430820015000562450062000712600042001332700073001753000030002485000050002786500022003286500016003507000003003662010080306446.0 aENG-97928 aEN-81461 bDBAD/PUB a346.540682 aThe limited liability partners act, 2008 :b(6 of 2009) / aDelhi bUniversal Law Pub. Co. c2009 aC-FF-1A, Dilkhush Industrial Estate G. T. Karnal RoadbDelhie110033 avi, [164] p. c25cm (Pbk) aThe limited liability partnership rules, 2009 aLimited liablity  aPartnership